00236nam a2200097Ia 4500008004100000041001200041100001200053245006100065260000600126650000600132221030s9999 xx 000 0 und d aEnglish aECA/BPB 0aUpto date Memory IC data & Comparison Tablescby ECA/BPB c0 aB